Aplicación de plaguicidas: nivel básico
Saved in:
| Main Authors: | , , |
|---|---|
| Format: | Bog |
| Sprog: | spansk |
| Udgivet: |
Sevilla
Junta de Andalucía
2004
|
| Udgivelse: | 2a. ed |
| Serier: | Cursos Modulares
|
| Fag: | |
| Tags: |
Tilføj Tag
Ingen Tags, Vær først til at tagge denne postø!
|
MARC
| LEADER | 00000nam a2200000 a 4500 | ||
|---|---|---|---|
| 001 | UCK4643 | ||
| 003 | CL-VaPUC | ||
| 008 | 050617e20040000sp |||||||||||||||||spa|d | ||
| 020 | |a 848474051X | ||
| 082 | 0 | 4 | |a 632.95 |b FER |2 21 |
| 100 | 0 | |a Fernández Fernández, Milagros |e author |9 493219 | |
| 700 | 0 | |a López Rodríguez, Manuel |e author |9 493220 | |
| 700 | 0 | |a Ortiz Berrocal, Francisco |e author |9 493221 | |
| 245 | 1 | 0 | |a Aplicación de plaguicidas: nivel básico |
| 250 | |a 2a. ed | ||
| 300 | |a 108 p | ||
| 942 | |c BK | ||
| 945 | |d 20050617 00:00:00 |a cmena | ||
| 260 | |a Sevilla |b Junta de Andalucía |c 2004 | ||
| 500 | |a Incluye Cuaderno de Ejercicios | ||
| 650 | 0 | |a Plaguicidas |9 259645 | |
| 650 | 0 | |a Control de plagas |9 327373 | |
| 650 | 0 | |a Agricultura |9 255598 | |
| 650 | 7 | |a MATERIAL Y EQUIPO DIDACTICOS |2 CL-VaPUC |9 309109 | |
| 583 | |a last modification |c 20171116 02:52:23 |k Rodrigo Vera | ||
| 490 | 0 | |a Cursos Modulares | |
| 999 | |c 313463 |d 313461 | ||
| 952 | |0 0 |1 0 |4 0 |6 632_950000000000000_FER_2004 |7 0 |8 A |9 384828 |a BIBAGR |b BIBAGR |d 2019-11-22 |i 4139283 |l 1 |o 632.95 FER 2004 |p 4139283 |r 2025-01-20 |s 2023-05-03 |w 2019-11-22 |y BK |k AGR | ||